[Event "Poznan op 24th"]
[Site "Poznan"]
[Date "2016.08.10"]
[Round "3"]
[White "Czajka, Iwo"]
[Black "Sliwa, Tomasz"]
[Result "0-1"]
[WhiteElo "1521"]
[BlackElo "1373"]
[PlyCount "77"]
[EventDate "2016.08.08"]
[EventType "swiss"]
[EventRounds "9"]
[EventCountry "POL"]
[SourceTitle "CBM 173 Extra"]
[Source "ChessBase"]
[SourceDate "2016.08.29"]
[SourceVersion "1"]
[SourceVersionDate "2016.08.29"]
[SourceQuality "1"]

1. e4 d6 2. d4 a6 3. Bd3 b5 4. Nf3 Bg4 5. h3 Bxf3 6. Qxf3 e6 7. e5 d5 8. c4 c6 9. 0-0 g6 10. Nc3 bxc4 11. Bc2 Bg7 12. Ba4 Ne7 13. Bg5 Qd7 14. Rab1 0-0 15. b3 cxb3 16. Rxb3 Nf5 17. Ne2 f6 18. exf6 Bxf6 19. Bxf6 Rxf6 20. Qc3 Nd6 21. Rfb1 Nb5 22. Qa5 Qb7 23. Qd8+ Rf8 24. Qg5 Qf7 25. Rf3 Qg7 26. Rxf8+ Qxf8 27. Bxb5 axb5 28. Qe5 Qf5 29. Nc3 Qxe5 30. dxe5 Ra3 31. Rb3 Ra6 32. a4 d4 33. axb5 Ra1+ 34. Nb1 c5 35. Kf1 c4 36. Rb4 c3 37. Rxd4 Rxb1+ 38. Ke2 Rxb5 39. Kd3 0-1

[Event "Poznan op 24th"]
[Site "Poznan"]
[Date "2016.08.08"]
[Round "1"]
[White "Fraczek, Weronika"]
[Black "Sliwa, Tomasz"]
[Result "1-0"]
[WhiteElo "1922"]
[BlackElo "1373"]
[PlyCount "45"]
[EventDate "2016.08.08"]
[EventType "swiss"]
[EventRounds "9"]
[EventCountry "POL"]
[SourceTitle "CBM 173 Extra"]
[Source "ChessBase"]
[SourceDate "2016.08.29"]
[SourceVersion "1"]
[SourceVersionDate "2016.08.29"]
[SourceQuality "1"]

1. e4 d5 2. exd5 Qxd5 3. Nc3 Qd8 4. Bc4 e6 5. d4 c6 6. Nf3 Nf6 7. Bg5 Be7 8. Qd2 Nbd7 9. h4 Nb6 10. Bb3 h6 11. Bxf6 Bxf6 12. Ne4 Be7 13. 0-0-0 a5 14. a3 a4 15. Ba2 Nd7 16. Ne5 Nf6 17. Qf4 0-0 18. Nxf6+ Bxf6 19. Ng4 Be7 20. Nxh6+ gxh6 21. Qxh6 Bf6 22. Rh3 Bg5+ 23. hxg5 1-0